000 00319nam a22001457a 4500
008 210312b ||||| |||| 00| 0 eng d
020 _a0030332222
041 _aeng
080 _a616.073
082 _a616.073
100 _a6
101 _aGJEN
245 _aThe Science of Genetics
_cAtherly,G.A
942 _2udc
_cBK
999 _c56532
_d56532